Statistiche per Elenca la formazione - Quiz n°175

Clicka qui per fare il quiz!

Statistiche generali

  • Questo quiz è stato fatto 16 volte
  • Il punteggio medio è 9 su 11

Statistiche sulle risposte

RuoloNazioneCalciatore% Corretto
AttaccanteSpagnaAndrés Iniesta
100%
AttaccanteArgentinaLionel Messi
100%
CentrocampistaSpagnaXavi
94%
DifensoreBrasileDani Alves
88%
DifensoreSpagnaJordi Alba
88%
AttaccanteSpagnaPedro
88%
CentrocampistaSpagnaSergio Busquets
88%
DifensoreArgentinaJavier Mascherano
81%
PortiereSpagnaVíctor Valdés
81%
CentrocampistaSpagnaCesc Fàbregas
75%
DifensoreBrasileAdriano
19%

Distribuzione punteggi

Percentile per numero di risposta

Percentuale di utenti per punteggio

I tuoi punteggi nel tempo

Non hai fatto questo quiz